American religious poems (Record no. 97471)

MARC details
000 -LEADER
fixed length control field 00669nam a2200253 i 4500
001 - CONTROL NUMBER
control field C2-0292622
003 - CONTROL NUMBER IDENTIFIER
control field PPAK
005 - DATE AND TIME OF LATEST TRANSACTION
control field 20180728024622.0
008 - FIXED-LENGTH DATA ELEMENTS--GENERAL INFORMATION
fixed length control field 090107s2006 nyu |||| ||||| | eng d
020 ## - INTERNATIONAL STANDARD BOOK NUMBER
International Standard Book Number 193108274X
040 ## - CATALOGING SOURCE
Original cataloging agency PPAK
Language of cataloging eng
Transcribing agency PPAK
Description conventions rda
082 04 - DEWEY DECIMAL CLASSIFICATION NUMBER
Classification number 821
Edition number 23
090 00 - LOCALLY ASSIGNED LC-TYPE CALL NUMBER (OCLC); LOCAL CALL NUMBER (RLIN)
Classification number (OCLC) (R) ; Classification number, CALL (RLIN) (NR) 821
Feature heading BLO
Feature heading LCK
Classification number (OCLC) (R) ; Classification number, CALL (RLIN) (NR) 821
Feature heading BLO
Feature heading RLCK
100 1# - MAIN ENTRY--PERSONAL NAME
Personal name Bloom, Harold,
Relator term author
245 10 - TITLE STATEMENT
Title American religious poems
264 #1 - PRODUCTION, PUBLICATION, DISTRIBUTION, MANUFACTURE, AND COPYRIGHT NOTICE
Place of production, publication, distribution, manufacture New York :
Name of producer, publisher, distributor, manufacturer The Library of America ,
Date of production, publication, distribution, manufacture, or copyright notice 2006
300 ## - PHYSICAL DESCRIPTION
Extent xlvii, 685 pages ;
Dimensions 21 cm
336 ## - CONTENT TYPE
Source rdacontent
Content type term text
337 ## - MEDIA TYPE
Source rdamedia
Media type term unmediated
338 ## - CARRIER TYPE
Source rdacarrier
Carrier type term volume
650 10 - SUBJECT ADDED ENTRY--TOPICAL TERM
Topical term or geographic name entry element English poetry
942 ## - ADDED ENTRY ELEMENTS (KOHA)
-- dc
Koha item type Book
Holdings
Withdrawn Not for loan Current library Shelving location Date acquired Full call number Barcode Date last seen Koha item type
    Perpustakaan Alor Setar American Corner 11/01/2009 LCK 821 BLO A00862179 09/05/2018 Book
  Not For Loan Perpustakaan Alor Setar Rujukan American Corner 11/01/2009 RLCK 821 BLO A00814516 09/05/2018 Book